Efecto de tres sistemas de labranza y una enmienda sobre la densidad de inoculo de Sclerotium cepivorum y el manejo de la pudricion blanca de cebolla en Costa Rica
Sábháilte in:
| Príomhchruthaitheoir: | |
|---|---|
| Formáid: | Tráchtas LEABHAR |
| Teanga: | Undetermined |
| Foilsithe / Cruthaithe: |
1997
|
| Ábhair: | |
| Clibeanna: |
Cuir clib leis
Níl clibeanna ann, Bí ar an gcéad duine le clib a chur leis an taifead seo!
|
MARC
| LEADER | 00000nam a2200000Ia 4500 | ||
|---|---|---|---|
| 001 | 8791 | ||
| 008 | 140114s9999 xx 000 0 und d | ||
| 100 | |a Mesen Vega, Rafael | ||
| 245 | |a Efecto de tres sistemas de labranza y una enmienda sobre la densidad de inoculo de Sclerotium cepivorum y el manejo de la pudricion blanca de cebolla en Costa Rica | ||
| 260 | |c 1997 | ||
| 500 | |a NULL | ||
| 502 | |a Escuela de ingenieria Agricola | ||
| 650 | |z CEBOLLA | ||
| 999 | |c 12499 |d 12499 | ||
